000 01026nam a2200337 a 4500
003 AR-BaBNM
005 20251128203724.0
008 082120s2002 ||||||||||||||000 | spa||
040 _cAR-BaBNM
100 1 _aVossler, Karl
245 0 0 _aCultura y lengua de Francia
_bhistoria de la lengua literaria francesa desde los comienzos hasta el presente
260 _aBuenos Aires
_bLosada
_c1955
300 _a445 p.
490 0 _aFilosofía y teoría del lenguaje
500 _aIndice de temas y nombres propios en p. 419
650 4 _aLENGUAS ROMANCES
650 4 _aFILOLOGIA
650 4 _aFRANCES
650 4 _aLINGÜISTICA COMPARATIVA Y DIACRONICA
650 4 _aCAMBIO LINGÜISTICO
650 4 _aGRAMATICA
650 4 _aDIALECTOS
650 4 _aLITERATURA FRANCESA
650 4 _aHISTORIA LITERARIA
653 _aHISTORIA DE LA LENGUA
700 1 _aTabernig de Pucciarelli, Elsa
_etraductor
700 1 _aLida, Raimundo
_etraductor
800 1 _aAlonso, Amado
_efundador
942 _cBK
998 _cMARTIN
999 _c4638
_d4638